Green marketing management
International edition; Includes index
Gardado en:
| Autor Principal: | |
|---|---|
| Formato: | Libro |
| Idioma: | Undetermined |
| Publicado: |
Mason, Ohio
South-Western
|
| Những chủ đề: | |
| Acceso en liña: | http://lrc.tdmu.edu.vn/opac/search/detail.asp?aID=2&ID=25432 |
| Các nhãn: |
Engadir etiqueta
Sen Etiquetas, Sexa o primeiro en etiquetar este rexistro!
|
| Thư viện lưu trữ: | Trung tâm Học liệu Trường Đại học Thủ Dầu Một |
|---|
| LEADER | 00720nam a2200193Ia 4500 | ||
|---|---|---|---|
| 001 | TDMU_25432 | ||
| 008 | 210410s9999 xx 000 0 und d | ||
| 082 | |a 658.802 | ||
| 090 | |b D102 | ||
| 100 | |a Dahlstrom, Robert | ||
| 245 | 0 | |a Green marketing management | |
| 245 | 0 | |c Robert Dahlstrom | |
| 260 | |a Mason, Ohio | ||
| 260 | |b South-Western | ||
| 300 | |a xvi, 334 p. | ||
| 520 | |a International edition; Includes index | ||
| 650 | |a Green marketing; Tiếp thị xanh; Product management |x Environment aspect; Quản lý sản phẩm |x Khía cạnh môi trường | ||
| 856 | |u http://lrc.tdmu.edu.vn/opac/search/detail.asp?aID=2&ID=25432 | ||
| 980 | |a Trung tâm Học liệu Trường Đại học Thủ Dầu Một | ||